[Event "GER-chT Christmas U16 Lasker"]
[Site "Playchess.com INT"]
[Date "2020.12.28"]
[Round "2.1"]
[White "Henzchen, Vinzenz"]
[Black "Schwandner, Clemens"]
[Result "1-0"]
[WhiteElo "1462"]
[BlackElo "1281"]
[PlyCount "47"]
[EventDate "2020.12.28"]
[EventType "team-swiss (blitz)"]
[EventRounds "7"]
[EventCountry "GER"]
[SourceTitle "CBM 200 Extra"]
[Source "ChessBase"]
[SourceDate "2021.03.31"]
[SourceVersion "1"]
[SourceVersionDate "2021.03.31"]
[SourceQuality "1"]
[WhiteTeam "Bischofswerda"]
[BlackTeam "Nordhausen"]
[WhiteTeamCountry "GER"]
[BlackTeamCountry "GER"]

1. e4 e5 2. f4 Nc6 3. Nf3 d6 4. Bc4 exf4 5. 0-0 Nf6 6. h3 d5 7. exd5 Nxd5 8. Re1+ Be6 9. d4 Bd6 10. Ne5 Bxe5 11. dxe5 0-0 12. Qf3 Ndb4 13. Bxe6 fxe6 14. Qb3 Nd4 15. Qxb4 Nxc2 16. Qc3 Nxa1 17. b4 Qh4 18. Rf1 f3 19. Qxa1 Qg3 20. Qb2 Rf7 21. Qf2 fxg2 22. Qxf7+ Kh8 23. Qf8+ Rxf8 24. Rxf8# 1-0

[Event "GER-chT Christmas U16 Lasker"]
[Site "Playchess.com INT"]
[Date "2020.12.28"]
[Round "5.1"]
[White "Hommer, Jeremy"]
[Black "Henzchen, Vinzenz"]
[Result "1-0"]
[WhiteElo "2180"]
[BlackElo "1462"]
[PlyCount "135"]
[EventDate "2020.12.28"]
[EventType "team-swiss (blitz)"]
[EventRounds "7"]
[EventCountry "GER"]
[SourceTitle "CBM 200 Extra"]
[Source "ChessBase"]
[SourceDate "2021.03.31"]
[SourceVersion "1"]
[SourceVersionDate "2021.03.31"]
[SourceQuality "1"]
[WhiteTeam "Lueneburg Turm"]
[BlackTeam "Bischofswerda"]
[WhiteTeamCountry "GER"]
[BlackTeamCountry "GER"]

1. d4 Nf6 2. Bf4 g6 3. Nc3 Bg7 4. e4 d6 5. Qd2 Nbd7 6. 0-0-0 Nh5 7. Be3 c6 8. f3 b5 9. Kb1 a5 10. h4 a4 11. g4 Ng3 12. Rh2 Nxf1 13. Rxf1 b4 14. Nce2 b3 15. cxb3 axb3 16. a3 Ba6 17. Rd1 Bxe2 18. Nxe2 Qa5 19. Nc1 Qxd2 20. Rhxd2 Rb8 21. Rd3 h5 22. g5 f6 23. Rxb3 Kf7 24. Rxb8 Rxb8 25. Kc2 d5 26. b4 Nb6 27. Nb3 Nc4 28. Bc1 fxg5 29. hxg5 Ra8 30. Kd3 Nxa3 31. Na5 Nb5 32. Nxc6 dxe4+ 33. fxe4 Rc8 34. Rf1+ Ke8 35. d5 e6 36. Bf4 Kd7 37. Be5 exd5 38. exd5 Rf8 39. Bf6 Bxf6 40. gxf6 g5 41. Kc4 Na3+ 42. Kd4 Nb5+ 43. Kc5 Nd6 44. Ne5+ Kc7 45. f7 Ne4+ 46. Kd4 Nd6 47. Rc1+ Kb7 48. Rc6 Nxf7 49. Rf6 g4 50. Rxf7+ Rxf7 51. Nxf7 g3 52. Ke3 Kb6 53. d6 Kc6 54. b5+ Kd7 55. Kf3 h4 56. Kg2 Kc8 57. Ne5 Kb7 58. d7 Kc7 59. b6+ Kd8 60. Kh3 g2 61. Kxg2 h3+ 62. Kxh3 Ke7 63. b7 Kd8 64. b8Q+ Ke7 65. Qe8+ Kd6 66. d8Q+ Kc5 67. Qc6+ Kb4 68. Qb8+ 1-0